000 00840nam a22001937a 4500
003 OSt
005 20250917170625.0
008 240326b ||||| |||| 00| 0 eng d
040 _c0
082 _aDPer 621.381 In821 September 2022 v. 37 n. 9
100 _aAssuncao, Gabriel de O.
_eauthor.
_955410
245 _aMethod for deriving transformerless common-ground voltage source inverter topologies /
_cGabriel de O. Assuncao and Ivo Barbi.
260 _aNew York ;
_bThe Institute of Electrical and Electronics Engineers, Inc. ,
_cSeptember 2022.
300 _aVolume 37, pages 10821-10832 :
_billustration ;
_c28 cm.
500 _aIEEE Transitions on Power Electronics, v. 37 n. 9, pages 10821-10832, September 2022.
700 _aAssuncao, Gabriel de O.
_eauthor.
_955410
700 _aBarbi, Ivo.
_eauthor.
_955411
942 _2ddc
_cPER
999 _c19858
_d19858